000 00591nam a2200193Ia 4500
005 20250508155515.0
008 008 250505s9999 xx 000 0 eng d
037 _aTextual
040 _aFEDL
_beng
_cFEDL
041 _aeng
_2eng
084 _a301.2013, TIR
_qFEDL
100 _aTiryakian Edward A. Ed.
245 0 _aSociological theory, values, and sociocultural change
260 _aLondon, UK
_bThe Free Press of Glencoe Collier - Macmillan Ltd.
_c1963
300 _axv,302p.
650 _aSociology
942 _cTEXL
_h301.2013, TIR
999 _c1357334
_d1357334